Teaching and assessing skills in geography
Αποθηκεύτηκε σε:
| Κύριος συγγραφέας: | |
|---|---|
| Συγγραφή απο Οργανισμό/Αρχή: | |
| Μορφή: | Βιβλίο |
| Γλώσσα: | English |
| Δημοσίευση: |
Cambridge, U.K.; Cape Town :
Cambridge University Press,
2003
|
| Σειρά: | Professional development for teachers
|
| Θέματα: | |
| Ετικέτες: |
Προσθήκη ετικέτας
Δεν υπάρχουν, Καταχωρήστε ετικέτα πρώτοι!
|
MARC
| LEADER | 00000nam a2200000 i 4500 | ||
|---|---|---|---|
| 001 | 1/46952 | ||
| 008 | 070627s2003 eng d | ||
| 020 | |a 0-521-75357-0 (pbk.) | ||
| 035 | |l 10088512 | ||
| 040 | |a GR-MY-UA |b gre |e aacr | ||
| 041 | 0 | |a eng | |
| 082 | 0 | |a 910.71 |2 (22) | |
| 100 | 1 | |a Sibley, Steve. | |
| 245 | 1 | 0 | |a Teaching and assessing skills in geography / |c Steve Sibley ; Cambridge Ιnternational Εxaminations |
| 260 | |a Cambridge, U.K.; Cape Town : |b Cambridge University Press, |c 2003 | ||
| 300 | |a iv, 98 σ.; |b πίν., εικ., χάρτες; |c 23 εκ. | ||
| 490 | 1 | |a Professional development for teachers | |
| 500 | |a Εκδόθηκε με την συνεργασία του University of Cambridge Internal Examinations | ||
| 504 | |a Περιέχει βιβλιογραφία (σ. 93-94), γλωσσάριο και ευρετήριο | ||
| 650 | 0 | 0 | |a Geography |x Study and teaching |z Great Britain. |
| 650 | 0 | 0 | |a Study skills |z Great Britain. |
| 710 | 2 | |a University of Cambridge |b Local Examinations Syndicate |b International Examinations. | |
| 830 | 0 | |a Professional development for teachers | |
| 852 | |a INST |b LESVOS |e 20070627 |h 910.71 SID |p 005100037998 |q 005100037998 |t BK |y 0 | ||
| 901 | |a BIBL1-2007-2 | ||
| 909 | |a Λ |b 135390 | ||
| 922 | |a 1ΕΛΗ |b 200706 |c ΕΠΕΑΕΚ2/ΤΓ |d ΠΑΠΑΣΩΤΗΡΙΟΥ | ||
| 970 | |a ΚΑΡΑ |b ΓΙΑΣΕΜΗ |z 2007/06/27 | ||